[Event "2nd Big Slick IM"]
[Site "London ENG"]
[Date "2011.07.01"]
[Round "7"]
[White "Blackburn, Suzie G."]
[Black "Radovanovic, Jovica"]
[Result "0-1"]
[WhiteTitle "WFM"]
[BlackTitle "FM"]
[WhiteElo "1944"]
[BlackElo "2323"]
[WhiteFideId "414930"]
[BlackFideId "915912"]
[EventDate "2011.06.25"]

1. d4 d6 2. Nf3 Nf6 3. c3 Nbd7 4. Bg5 h6 5. Bf4 g6 6. Nbd2 Nh5 7. Bg3 Bg7 8. e4
O-O 9. Bc4 e6 10. O-O Nxg3 11. hxg3 a6 12. a4 b6 13. d5 e5 14. b4 Bb7 15. Be2 c6
16. c4 Qc7 17. Qb3 Ra7 18. a5 Rb8 19. Qa3 Bc8 20. axb6 Qxb6 21. b5 c5 22. Rfb1
Bf6 23. Rb3 Bd8 24. Nb1 Rba8 25. Qb2 axb5 26. Rxa7 Rxa7 27. Rxb5 Qa6 28. Rb3 Qa1
29. Qxa1 Rxa1 30. Bd3 Ba5 31. Ra3 Rxa3 32. Nxa3 Kf8 33. Nb5 Ke7 34. Kf1 Nf6 35.
Ne1 Bxe1 36. Kxe1 Ne8 37. f4 Kd7 38. Bc2 Ba6 39. Ba4 Ke7 40. Kd2 Kd8 41. Na7 Nf6
42. fxe5 dxe5 43. Nc6+ Kc7 44. Kd3 Ng4 45. Na5 f5 46. Nc6 Kd6 47. Nb8 fxe4+ 48.
Kc3 Bc8 49. Kd2 Bf5 50. Bd1 Nf2 51. Be2 h5 52. Nc6 Nh1 53. Nd8 Kc7 54. Nf7 Nxg3
55. d6+ Kd7 56. Nxe5+ Kxd6 57. Nf7+ Ke6 58. Nd8+ Ke5 59. Nc6+ Kf4 60. Ne7 Nxe2
61. Kxe2 Kg3 62. Ke3 h4 63. Nd5 Kxg2 64. Nf4+ Kf1 65. Ne2 h3 66. Ng3+ Kg2 67.
Nxe4 Bxe4 68. Kxe4 h2 69. Kd5 h1=Q 70. Kxc5 Kf3 71. Kb6 Qb1+ 72. Kc6 Ke4 0-1

[Event "2nd Big Slick IM"]
[Site "London ENG"]
[Date "2011.07.01"]
[Round "7"]
[White "Makepeace, Philip J"]
[Black "Gormally, Daniel W"]
[Result "1/2-1/2"]
[BlackTitle "GM"]
[WhiteElo "2095"]
[BlackElo "2502"]
[WhiteFideId "413550"]
[BlackFideId "406465"]
[EventDate "2011.06.25"]

1. d4 Nf6 2. Nf3 d5 3. g3 c6 4. Bg2 Bg4 5. O-O Nbd7 6. Nbd2 e6 7. c4 Bd6 8. Qb3
Rb8 9. Re1 Qa5 10. cxd5 cxd5 11. e4 Bxf3 12. Bxf3 dxe4 13. Bxe4 Nxe4 14. Rxe4
O-O 15. Nc4 Qd5 16. Nxd6 Qxd6 17. Bf4 Qc6 18. Re3 Rbc8 19. Rc3 Qe4 20. Rac1 Rxc3
21. Qxc3 h6 22. Bd6 Re8 23. Qc7 Nb6 24. Bc5 Rc8 25. Qe7 Qd5 26. b3 Nd7 27. Ba3
Rxc1+ 28. Bxc1 Nf6 29. Be3 Qe4 30. Bxh6 Qb1+ 31. Kg2 Qe4+ 32. Kg1 Qxd4 33. Be3
Qd1+ 34. Kg2 Qd5+ 35. Kg1 a6 36. h4 e5 37. Bg5 Ne4 38. Qe8+ Kh7 39. Qc8 g6 40.
Qf8 Qe6 41. Kg2 Nd6 42. Qd8 Ne4 43. Qf8 Nd6 44. Qd8 Ne8 45. Be7 Qc6+ 46. Kg1
Qc1+ 47. Kg2 1/2-1/2

[Event "2nd Big Slick IM"]
[Site "London ENG"]
[Date "2011.07.01"]
[Round "7"]
[White "Sreeves, Clement"]
[Black "Croad, Nicolas"]
[Result "0-1"]
[BlackTitle "FM"]
[WhiteElo "2173"]
[BlackElo "2276"]
[WhiteFideId "2402564"]
[BlackFideId "4300793"]
[EventDate "2011.06.25"]

1. e4 c6 2. d4 d5 3. Nc3 dxe4 4. Nxe4 Bf5 5. Ng3 Bg6 6. h4 h6 7. Nf3 Nd7 8. h5
Bh7 9. Bd3 Bxd3 10. Qxd3 e6 11. Bd2 Ngf6 12. O-O-O Be7 13. Ne4 Nxe4 14. Qxe4 Nf6
15. Qd3 Qd5 16. c4 Qe4 17. Qb3 b5 18. Rhe1 Qh7 19. Ne5 O-O 20. Nxc6 Bd6 21. Qxb5
Rfc8 22. Na5 Ne4 23. Be3 Rab8 0-1

[Event "2nd Big Slick IM"]
[Site "London ENG"]
[Date "2011.07.01"]
[Round "7"]
[White "Lalic, Bogdan"]
[Black "Hegarty, Sarah N"]
[Result "1-0"]
[WhiteTitle "GM"]
[BlackTitle "WFM"]
[WhiteElo "2469"]
[BlackElo "2108"]
[WhiteFideId "409081"]
[BlackFideId "2501465"]
[EventDate "2011.06.25"]

1. d4 Nf6 2. c4 g6 3. Nc3 d5 4. e3 Bg7 5. cxd5 Nxd5 6. Nxd5 Qxd5 7. Ne2 e5 8.
Nc3 Qd8 9. d5 O-O 10. e4 f5 11. Bc4 Kh8 12. O-O Qh4 13. b3 fxe4 14. Qe2 Bf5 15.
g3 Qg4 16. Qxg4 Bxg4 17. Nxe4 Bf5 18. Re1 Nd7 19. Ba3 Rfe8 20. Rac1 Rac8 21. Bb5
Red8 22. Ng5 Re8 23. Ne6 c6 24. Nxg7 Kxg7 25. dxc6 bxc6 26. Bxc6 Kf6 27. Bb2 g5
28. Red1 Red8 29. Rd6+ Ke7 30. Rcd1 e4 31. Ba3 Ke8 32. R1d5 1-0

[Event "2nd Big Slick IM"]
[Site "London ENG"]
[Date "2011.07.01"]
[Round "7"]
[White "Yurenok, Maria S"]
[Black "Eames, Robert S"]
[Result "1/2-1/2"]
[WhiteTitle "WFM"]
[BlackTitle "FM"]
[WhiteElo "2100"]
[BlackElo "2259"]
[WhiteFideId "409359"]
[BlackFideId "408743"]
[EventDate "2011.06.25"]

1. d4 f5 2. g3 Nf6 3. Bg2 g6 4. c4 Bg7 5. Nc3 O-O 6. Nh3 d6 7. d5 Na6 8. Nf4 Nc5
9. h4 Bd7 10. Qc2 a5 11. Bd2 Ng4 12. Rd1 Qe8 13. b3 c6 14. f3 Ne5 15. Be3 Na6
16. a3 b5 17. dxc6 Bxc6 18. Ne6 bxc4 19. Nxf8 Kxf8 20. O-O Qf7 21. bxc4 Nxc4 22.
Bc1 Rc8 23. e4 Nc5 24. Nd5 Ne5 25. Nc3 Qc4 26. Rf2 Ncd3 27. Bf1 Bxe4 28. fxe4
Qxc3 29. Bxd3 Nxd3 30. Qxd3 Qxd3 31. Rxd3 Rxc1+ 32. Kg2 Rc5 33. g4 e6 34. Rxd6
Ke7 35. Ra6 Bd4 36. Rd2 Be3 37. Re2 f4 38. g5 h6 39. gxh6 Rh5 40. h7 Rxh4 41.
Rxa5 Kf6 42. Rxe3 fxe3 43. Kf3 Rh3+ 44. Ke2 g5 45. a4 Rxh7 46. Kxe3 Rh3+ 47. Kf2
Ra3 48. Ke2 g4 49. Kf2 e5 50. Ra8 Kg5 51. Rf8 g3+ 52. Kg2 Kg4 53. Rf5 Ra2+ 54.
Kg1 Rxa4 1/2-1/2

[Event "2nd Big Slick IM"]
[Site "London ENG"]
[Date "2011.07.02"]
[Round "8"]
[White "Radovanovic, Jovica"]
[Black "Eames, Robert S"]
[Result "1-0"]
[WhiteTitle "FM"]
[BlackTitle "FM"]
[WhiteElo "2323"]
[BlackElo "2259"]
[WhiteFideId "915912"]
[BlackFideId "408743"]
[EventDate "2011.06.25"]

1. Nf3 Nf6 2. g3 d5 3. Bg2 c6 4. c4 Bf5 5. cxd5 cxd5 6. Qb3 Qc8 7. Nc3 e6 8. d3
Nc6 9. O-O h6 10. Bf4 Be7 11. Nb5 O-O 12. Rac1 g5 13. Nd6 Qd7 14. Nxf5 exf5 15.
Be3 d4 16. Bd2 Rad8 17. Rc4 Ng4 18. Rfc1 Rfe8 19. h3 Nf6 20. h4 Ng4 21. hxg5
hxg5 22. Nxg5 Bxg5 23. Bxg5 Na5 24. Qb4 Nxc4 25. Bxd8 Nce3 26. fxe3 Qxd8 27.
Qxd4 Qa5 28. b4 Qxa2 29. Qd7 Re6 30. Rc8+ Kg7 31. Qd8 Nf6 32. Bf3 Qb1+ 33. Kg2
Qxb4 34. Qh8+ Kg6 35. Qh4 Qxh4 36. gxh4 b6 37. Rc7 a5 38. Rb7 a4 39. Kg3 Rd6 40.
Kf4 Nd7 41. h5+ Kf6 42. d4 Nf8 43. Kg3 Ne6 44. Kf2 f4 45. exf4 Nxd4 46. e4 Nxf3
47. Kxf3 Rd3+ 48. Kg4 Rb3 49. e5+ Kg7 50. e6 a3 51. Rxf7+ Kg8 52. Ra7 b5 53. f5
Rb4+ 54. Kg5 Ra4 55. Rc7 a2 56. f6 Ra8 57. f7+ Kf8 58. Kg6 a1=Q 59. e7# 1-0

[Event "2nd Big Slick IM"]
[Site "London ENG"]
[Date "2011.07.02"]
[Round "8"]
[White "Croad, Nicolas"]
[Black "Lalic, Bogdan"]
[Result "1/2-1/2"]
[WhiteTitle "FM"]
[BlackTitle "GM"]
[WhiteElo "2276"]
[BlackElo "2469"]
[WhiteFideId "4300793"]
[BlackFideId "409081"]
[EventDate "2011.06.25"]

1. d4 Nf6 2. c4 e6 3. Nf3 c5 4. d5 d6 5. Nc3 exd5 6. cxd5 g6 7. h3 Bg7 8. e4 a6
9. a4 Nbd7 10. Bd3 Nh5 1/2-1/2

[Event "2nd Big Slick IM"]
[Site "London ENG"]
[Date "2011.07.02"]
[Round "8"]
[White "Gormally, Daniel W"]
[Black "Sreeves, Clement"]
[Result "1-0"]
[WhiteTitle "GM"]
[WhiteElo "2502"]
[BlackElo "2173"]
[WhiteFideId "406465"]
[BlackFideId "2402564"]
[EventDate "2011.06.25"]

1. e4 c5 2. Nf3 d6 3. c3 Nf6 4. Be2 Bd7 5. d3 g6 6. Nbd2 Bg7 7. O-O O-O 8. d4
cxd4 9. cxd4 Bg4 10. h3 Bxf3 11. Bxf3 Nc6 12. e5 dxe5 13. Bxc6 bxc6 14. dxe5 Nd5
15. e6 fxe6 16. Ne4 Nf4 17. Qxd8 Ne2+ 18. Kh2 Raxd8 19. Be3 Bxb2 20. Rae1 Be5+
21. g3 Nd4 22. Rc1 Nf5 23. Bc5 Rd3 24. Kg2 Rb8 25. Rb1 Rb5 26. Rxb5 cxb5 27.
Bxa7 Ra3 28. Bc5 Rxa2 29. Rd1 h6 30. Rd7 Kf7 31. Rb7 Rb2 32. g4 Ng7 33. Bxe7 Kg8
34. Nf6+ Kf7 35. Bd8+ Kf8 36. Nd7+ Ke8 37. Nxe5 Kxd8 38. Rxg7 1-0

[Event "2nd Big Slick IM"]
[Site "London ENG"]
[Date "2011.07.02"]
[Round "8"]
[White "Blackburn, Suzie G."]
[Black "Makepeace, Philip J"]
[Result "1-0"]
[WhiteTitle "WFM"]
[WhiteElo "1944"]
[BlackElo "2095"]
[WhiteFideId "414930"]
[BlackFideId "413550"]
[EventDate "2011.06.25"]

1. d4 c5 2. c3 e6 3. Nf3 d5 4. Bg5 Qb6 5. Qb3 Nc6 6. e3 Nf6 7. Nbd2 Nd7 8. Bf4
c4 9. Qc2 f6 10. e4 Be7 11. Be2 Nf8 12. exd5 exd5 13. Bg3 Bg4 14. O-O Rd8 15.
Rfe1 Bh5 16. Nh4 Bg6 17. Nxg6 hxg6 18. Bxc4 dxc4 19. Nxc4 Qb5 20. Nd6+ Rxd6 21.
Bxd6 Kf7 22. Bg3 Rh5 23. Re2 Qd5 24. a3 Rg5 25. Rae1 Bd6 26. c4 Qxd4 27. Rd2
Bxg3 28. Rxd4 Nxd4 29. Qd3 Bxf2+ 30. Kxf2 Nde6 31. g3 f5 32. Qd5 f4 33. Qxb7+
Kf6 34. Qa6 Kf5 35. Qd6 Kf6 36. b4 Rh5 37. Kg2 f3+ 38. Kxf3 Rxh2 39. Re2 Rh5 40.
Kg2 a5 41. Rf2+ 1-0

[Event "2nd Big Slick IM"]
[Site "London ENG"]
[Date "2011.07.03"]
[Round "9"]
[White "Makepeace, Philip J"]
[Black "Radovanovic, Jovica"]
[Result "0-1"]
[BlackTitle "FM"]
[WhiteElo "2095"]
[BlackElo "2323"]
[WhiteFideId "413550"]
[BlackFideId "915912"]
[EventDate "2011.06.25"]

1. d4 Nf6 2. Nf3 d6 3. g3 Nbd7 4. Bg2 e5 5. c4 g6 6. O-O Bg7 7. dxe5 dxe5 8. Qc2
O-O 9. Rd1 Re8 10. e4 c6 11. b3 Qc7 12. Ba3 Bf8 13. c5 b6 14. cxb6 axb6 15. Bxf8
Nxf8 16. Nbd2 c5 17. Nc4 Bg4 18. Rd6 Bxf3 19. Bxf3 Re6 20. Rd2 b5 21. Ne3 Rea6
22. Nd5 Nxd5 23. Rxd5 Ne6 24. Bg4 Nd4 25. Qc3 Rxa2 26. Rxa2 Rxa2 27. Rxc5 Qe7
28. Qb4 Kg7 29. f4 Rc2 30. Qxd4 exd4 31. Rxc2 Qxe4 0-1

[Event "2nd Big Slick IM"]
[Site "London ENG"]
[Date "2011.07.03"]
[Round "9"]
[White "Lalic, Bogdan"]
[Black "Gormally, Daniel W"]
[Result "1/2-1/2"]
[WhiteTitle "GM"]
[BlackTitle "GM"]
[WhiteElo "2469"]
[BlackElo "2502"]
[WhiteFideId "409081"]
[BlackFideId "406465"]
[EventDate "2011.06.25"]

1. d4 Nf6 2. c4 g6 3. Nc3 d5 4. Nf3 Bg7 5. Qb3 dxc4 6. Qxc4 O-O 7. e4 Na6 8. Be2
c5 9. d5 e6 10. O-O exd5 11. exd5 1/2-1/2

[Event "2nd Big Slick IM"]
[Site "London ENG"]
[Date "2011.07.03"]
[Round "9"]
[White "Yurenok, Maria S"]
[Black "Croad, Nicolas"]
[Result "1/2-1/2"]
[WhiteTitle "WFM"]
[BlackTitle "FM"]
[WhiteElo "2100"]
[BlackElo "2276"]
[WhiteFideId "409359"]
[BlackFideId "4300793"]
[EventDate "2011.06.25"]

1. d4 Nf6 2. c4 e6 3. Nc3 Bb4 4. Qc2 O-O 5. a3 Bxc3+ 6. Qxc3 b6 7. Bg5 Ba6 8. e3
d6 9. Bd3 Nbd7 10. Ne2 c5 11. Qc2 h6 12. Bh4 Rc8 13. Qa4 cxd4 14. exd4 Nb8 15.
Rd1 Qd7 16. Qb4 g5 17. Bg3 d5 18. cxd5 Qxd5 19. O-O Nc6 20. Qa4 Bxd3 1/2-1/2